000 00877nam a2200253 a 4500
001 24898
003 CO-ViMGA
008 141112s2004 ck r 000 u spa d
020 _a9789588662183
040 _aCO-ViMGA
_bspa
_cCO-ViMGA
041 _aSPA
082 0 4 _aI 918.61 L69a
100 1 _aLozano, Pilar, 1951 -
_937277
245 1 0 _aAsí vivo yo :
_bColombia contada por los niños /
_cPilar Lozano ; ilustraciones de María Fernanda Mantilla
250 _a1a ed.
260 _aBogotá :
_bSudAméricana,
_c2011
300 _a103 p. : il. col. : il.
490 _aLa Biblioteca
650 1 4 _aDESDE LOS 9 AÑOS
_933
650 1 4 _aNIÑOS - VIDA SOCIAL Y COSTUMBRES
_937278
651 _aCOLOMBIA - VIDA SOCIAL Y COSTUMBRES \ COLOMBIA - DESCRIPCIONES Y VIAJES \ REGIONES DE COLOMBIA - CULTURA
_937279
700 1 _aMantilla, María Fernanda
_937280
942 _2ddc
_cBK
999 _c2490
_d2490